000
00292nam a2200121Ia 4500
008
220204s9999 xx 000 0 und d
082
_a
633.61
_b
KIN
100
_a
KING, Norman J
245
0
_a
Manual of cane growing
260
_a
New York
_b
Elsevier
_c
1965
650
_a
Sugarcane
942
_c
BK
999
_c
28745
_d
28745